000 00915nmm a2200289 a 4500
001 ocm000596255
003 TR-IsHL
005 20201028124505.0
008 130902s2010 tu tur
007 cr cn
020 _a9786054429042
035 _a596255
_b(N$T)
050 0 4 _aPS3553.A493
_bM91 2010
090 0 4 _aPS3553.A493
_bM91 2010
100 1 _aCanham, Marsha
245 1 0 _aBenim ebedi aşkım
_h[electronic resource] /
_cMarsha Canham ; çev. Gökhan Doğru
250 _a1. bs.
260 _aİstanbul :
_bArunas Yayıncılık,
_c2010
300 _a323 p.
650 4 _aDil ve Edebiyat
650 4 _aLanguage and Literature
650 0 _aAmerikan romanı
650 0 _aAmerican fiction
650 7 _aLITERARY COLLECTIONS / American / General
_2bisacsh
700 1 _aDoğru, Gökhan
856 4 0 _uhttp://search.ebscohost.com/login.aspx?direct=true&scope=site&db=e011xww&AN=596255
999 _c2980
_d2980